Rathore public administration for UGC/NET/JRF/SLET/SRFalso useful for : IAS/PCS and other compertitive examinations / (Record no. 101329)

MARC details
000 -LEADER
fixed length control field 00739nam a22001937a 4500
005 - DATE AND TIME OF LATEST TRANSACTION
control field 20160720111127.0
010 ## - LCCN (DPL NO)
LC control number ENG-115441
020 ## - INTERNATIONAL STANDARD BOOK NUMBER
International Standard Book Number 9789385493294
Terms of availability 299.00
035 ## - SYSTEM CONTROL NUMBER
System control number EN-98973
037 ## - SOURCE OF ACQUISITION
Source of stock number/acquisition DBAD/PUB
082 ## - DEWEY DECIMAL CLASSIFICATION NUMBER
Classification number 350
245 ## - TITLE STATEMENT
Title Rathore public administration for UGC/NET/JRF/SLET/SRFalso useful for : IAS/PCS and other compertitive examinations /
Statement of responsibility, etc editied by Kunwar Ishwar Singh Rathore
260 ## - PUBLICATION, DISTRIBUTION, ETC. (IMPRINT)
Place of publication, distribution, etc New Delhi
Name of publisher, distributor, etc Rathore Publishers & Distributors
Date of publication, distribution, etc 2016
270 ## - ADDRESS
Address 202,2nd Floor,4832/24 Ansari Road Daryaganj
City New Delhi
Postal code 110002
300 ## - PHYSICAL DESCRIPTION
Extent vii,308p.
Dimensions 21cm(pbk)
500 ## - GENERAL NOTE
General note Includes bibliographical references and index
700 ## - ADDED ENTRY--PERSONAL NAME
Personal name Rathore,Kunwer Ishwar Singh
942 ## - ADDED ENTRY ELEMENTS (KOHA)
Source of classification or shelving scheme Dewey Decimal Classification
Item type English Books
Classification part 350
Call number suffix PUB
Holdings
Withdrawn status Lost status Not for loan Collection code Home library Current library Date acquired Source of acquisition Cost, normal purchase price Full call number Barcode Copy number Cost, replacement price Koha item type
    Not For Loan Fiction D.B.Act.Division Bawana 15/07/2016 DBAD/PUB 299.00 350 RAT EN-98973 1 299.00 English Books

© Delhi Public Library
Hit Counter
free hit counter